Statistiques concernant Carte du monde sans 12 pays n°3

Cliquez ici pour prendre le quiz!

Statistiques générales

  • Ce quiz a été pris 13 164 fois
  • Le résultat moyen est 9 sur 12

Réponses sur la Carte

Les réponses sont colorées sur une échelle allant du rouge au vert en fonction du pourcentage des utilisateurs qui les ont devinées à leur premier essai. Vous pouvez retrouver ces pourcentages ci-dessous.
Chargement ...
 

Statistiques - réponses

Pays% Correct
Uruguay
92%
Tunisie
83%
Estonie
81%
Lettonie
81%
Lituanie
81%
Yémen
80%
Oman
78%
Érythrée
71%
Irlande
67%
Pays-Bas
67%
Philippines
66%
Taïwan
62%

Distribution des résultats

Percentile par nombre de réponses

% des personnes avec chaque résultat

Votre développement - résultats

Vous n’avez pas pris ce quiz